000 00416nab a2200145Ia 4500
003 ES-SlBCS
005 20210601125451.0
008 140529s1982-83 xxu||||| |||| 00| 0 eng d
041 _aeng
100 1 _aDauenhauer, Bernard P.
_950085
245 0 0 _aRelational Freedom
_c Bernard P. Dauenhauer
650 0 4 _aLibertad
_986297
773 0 _tReview of Methaphysics
_gvol. 36, 1982-83, págs. 77-102
_wRev843
942 _cAR
999 _c530797
_d530797